000 00734cam a2200217 4500
001 WB3747-33
008 011211n2001 000 0 eng u
035 _a(Sirsi) u115944
245 _aCapitalise on wayleaves
260 _c2001
490 _aFarmers' Weekly
_v135(23) 7 December 2001, 27(1)
520 _aSuggests that capitalising wayleave payments, and claiming compensation for property depreciation caused by power lines, could provide a much-needed capital injection for struggling farm businesses.
590 _aWB
650 _aWAYLEAVES
650 _aWAYLEAVE PAYMENTS
650 _aELECTRICITY
650 _aPOWER LINES
650 _aFARM BUSINESSES
690 _aRURAL-FARM BUSINESS MANAGEMENT
942 _n0
999 _c69070
_d69070